Proces získavania a výberu zamestnancov na pracovné miesta vo vybranom podniku bakalárska práca

Salvato in:
Dettagli Bibliografici
Autore principale: Mikulášová, Ema, 2000-
Ente Autore: Fakulta podnikového manažmentu EU. Katedra manažmentu
Altri autori: Matkovčíková, Natália, 1982-
Natura: Libro
Lingua:slovacco
Pubblicazione: Bratislava 2022
Tags: Aggiungi Tag
Nessun Tag, puoi essere il primo ad aggiungerne!!

MARC

LEADER 00000nbm a2200000 4500
001 0287457
005 20230321100306.7
041 0 |a slo 
044 |a SK 
245 1 0 |a Proces získavania a výberu zamestnancov na pracovné miesta vo vybranom podniku  |b bakalárska práca  |c Ema Mikulášová ; školiteľ: Natália Matkovčíková 
264 1 |a Bratislava  |c 2022 
300 |a 52 s. 
100 1 |a Mikulášová, Ema, 2000- 
700 1 |a Matkovčíková, Natália, 1982- 
710 2 |a Fakulta podnikového manažmentu EU. Katedra manažmentu